| 000 | 01019nam a22002297a 4500 | ||
|---|---|---|---|
| 005 | 20240530110602.0 | ||
| 008 | 161011s2014 ua g b 000 0 ara d | ||
| 017 |
_a2014/23788 _bمصر. دار الكتب |
||
| 020 | _a9789779100753 | ||
| 040 |
_aEG-CaGPL _cEG-CaGPL |
||
| 082 | 0 | 4 |
_221 _a953.09\ _bم ق |
| 100 | 0 | _aمحمد صبرى الدالى . | |
| 245 | 1 | 2 |
_aالقوى الاوربية الكبرى و الصراع الروسى العثمانى على البحر الاسود و المضايق / _cمحمد صبرى الدالى . |
| 250 | _aط1. | ||
| 260 |
_aالقاهرة : _bالهيئة المصرية العامة للكتاب ، _c2014 . |
||
| 300 |
_a550 ص ؛ _c24 سم . |
||
| 504 | _aيشتمل على اعدادات ببليوجرافية | ||
| 650 | 0 | 7 |
_2qrmak _aالامبراطورية العثمانية فى اوروبا . |
| 650 | 0 | 7 |
_2qrmak _aالامبراطورية العثمانية _xالصراع السياسى _zاوروبا . |
| 942 |
_2ddc _cBK |
||
| 999 |
_c62690 _d62690 |
||